000 00954njm a22002657a 4500
005 20100904122843.0
007 sd ammalaaahaa
008 100901t xxu||||| |||| 00| 0 hin d
028 _aN.53120
_bHis Master's Voice
028 _aOJE.14588
_bHis Master's Voice
035 _aGR-598
040 _aSED/VEN
100 _917815
_aAmeca Khan
245 _aGoonj uthi shehnai /
_cby Ameca khan
_h[sound recording] :
_bHindustani
246 _aगूँज उठी शेहनाई ( अमेचा खान )
260 _aDum Dum, India
_bHis Master's Voice
300 _a1 sound disc :
_banalog, 33 1/3 rpm
_c10 in.
500 G _aBrief record
505 _aRagmala-1 (रागमाला -१), Ragmala-2 ( रागमाला -२ )
650 _aClassical music
_xExcerpts
_zIndia
_917813
700 _918219
700 _918220
942 _2ddc
_cGR
999 _c43744
_d43744